[Event "Winnipeg TNT June op"]
[Site "Winnipeg"]
[Date "2009.06.02"]
[Round "1"]
[White "Menard, Trevor"]
[Black "Lipic, Stephen"]
[Result "0-1"]
[WhiteElo "1277"]
[BlackElo "1738"]
[PlyCount "44"]
[EventDate "2009.06.02"]
[EventType "swiss"]
[EventRounds "4"]
[EventCountry "CAN"]
[SourceTitle "EXT 2011"]
[Source "ChessBase"]
[SourceDate "2010.11.26"]
[SourceVersion "1"]
[SourceVersionDate "2010.11.26"]
[SourceQuality "1"]

1. Nf3 f5 2. e3 e6 3. g3 Nf6 4. Bg2 Be7 5. 0-0 0-0 6. b3 d5 7. d3 Nbd7 8. Bb2 c6 9. Nbd2 Qe8 10. c4 Bc5 11. Nd4 Bxd4 12. exd4 Qg6 13. Nf3 f4 14. Nh4 Qf7 15. Qe2 Re8 16. Bh3 Nf8 17. Qf3 g5 18. gxf4 gxh4 19. Qg2+ Qg7 20. Qg5 Nh5 21. Bc1 Ng6 22. Qxh5 Nxf4+ 0-1

[Event "Winnipeg TNT March op"]
[Site "Winnipeg"]
[Date "2009.03.31"]
[Round "5"]
[White "Gibbons, Lorne"]
[Black "Menard, Trevor"]
[Result "0-1"]
[WhiteElo "1232"]
[BlackElo "1338"]
[PlyCount "52"]
[EventDate "2009.03.03"]
[EventType "swiss"]
[EventRounds "5"]
[EventCountry "CAN"]
[SourceTitle "EXT 2011"]
[Source "ChessBase"]
[SourceDate "2010.11.26"]
[SourceVersion "1"]
[SourceVersionDate "2010.11.26"]
[SourceQuality "1"]

1. d4 d5 2. c4 Nc6 3. cxd5 Qxd5 4. e3 a6 5. Nc3 Qd7 6. a3 Nf6 7. Qa4 b6 8. b4 Bb7 9. Nf3 Nd5 10. Bb2 f6 11. Be2 Nxc3 12. Bxc3 b5 13. Qc2 0-0-0 14. 0-0 g5 15. Nd2 Bg7 16. a4 Na7 17. h3 h5 18. g4 hxg4 19. Bxg4 e6 20. Qg6 f5 21. Qxg5 fxg4 22. Qxg4 Rdg8 23. Nf3 Bxd4 24. Ng5 Bxc3 25. Rad1 Qc6 26. Kh2 Rxh3+ 0-1

[Event "Winnipeg TNT March op"]
[Site "Winnipeg"]
[Date "2009.03.17"]
[Round "3"]
[White "Menard, Trevor"]
[Black "Trueman, Francis"]
[Result "0-1"]
[WhiteElo "1338"]
[BlackElo "1522"]
[PlyCount "51"]
[EventDate "2009.03.03"]
[EventType "swiss"]
[EventRounds "5"]
[EventCountry "CAN"]
[SourceTitle "EXT 2011"]
[Source "ChessBase"]
[SourceDate "2010.11.26"]
[SourceVersion "1"]
[SourceVersionDate "2010.11.26"]
[SourceQuality "1"]

1. d4 Nf6 2. Nf3 d6 3. Bg5 Nbd7 4. e3 g6 5. Bd3 Bg7 6. c3 0-0 7. 0-0 Re8 8. e4 e5 9. d5 c6 10. dxc6 bxc6 11. Bc2 a5 12. Qxd6 Rb8 13. b3 h6 14. Bh4 g5 15. Bg3 Re6 16. Qa3 Nh5 17. Rd1 Nxg3 18. fxg3 Bf8 19. Qb2 Qb6+ 20. Kh1 Nf6 21. c4 Ng4 22. Rf1 Nf2+ 23. Kg1 Nd3+ 24. Kh1 Nxb2 25. Nbd2 Bb4 26. Rad1 0-1

[Event "Winnipeg TNT March op"]
[Site "Winnipeg"]
[Date "2009.03.10"]
[Round "2"]
[White "De Groot, Stephen"]
[Black "Menard, Trevor"]
[Result "1-0"]
[WhiteElo "1620"]
[BlackElo "1338"]
[PlyCount "43"]
[EventDate "2009.03.03"]
[EventType "swiss"]
[EventRounds "5"]
[EventCountry "CAN"]
[SourceTitle "EXT 2011"]
[Source "ChessBase"]
[SourceDate "2010.11.26"]
[SourceVersion "1"]
[SourceVersionDate "2010.11.26"]
[SourceQuality "1"]

1. e4 e6 2. d4 d5 3. Nc3 Bb4 4. Qg4 g6 5. e5 c5 6. Nf3 Nc6 7. Bb5 Nge7 8. Bg5 Qa5 9. 0-0 Bd7 10. Bf6 Rg8 11. Qh4 Bxc3 12. Bxc6 Nf5 13. Qxh7 Rf8 14. Bxd7+ Kxd7 15. bxc3 Qxc3 16. Rab1 b6 17. Ng5 Rae8 18. Nxf7 Ne7 19. Nd6 Rb8 20. Qxe7+ Kc6 21. Qxe6 Kc7 22. Nb5+ 1-0